00520 2200205 4500001002100000005001500021035002000036245004200056100001500098250001100113300002300124700002000147260003800167082001000205084001600215020001800231650001000249008004100259990001400300INLIS00000000000206320260630030145 a0010-06260000071 aSukses Merumahkan Walet /cNazaruddin0 aNazaruddin aCet 15 a90 hlm. ;c20,5 cm0 aAntonius Widodo aJakarta :bPenebar Swadaya,c2011 a636.6 a636.6 NAZ s a979-489-466-4 4aWalet260630 0 ind  a202403901